[Event "Tourn. n8214"]
[Site "www.chess-mail.com"]
[Date "2015.07.20"]
[Round "1"]
[White "Gambitchess"]
[Black "Hundegana"]
[WhiteElo "1850"]
[BlackElo "1980"]
[Result "0-1"]
[Round "1"]
1.d4 e6
2.c4 Ng8f6
3.g3 Nb8c6
4.Bf1g2 d5
5.cxd5 Nf6xd5
6.Ng1f3 h6
7.O-O Bf8e7
8.e4 Nd5b6
9.Nb1c3 a6
10.Bc1e3 { time. }
0-1

[Event "Tourn. n8202"]
[Site "www.chess-mail.com"]
[Date "2015.07.20"]
[Round "1"]
[White "Anja"]
[Black "Lena"]
[WhiteElo "1700"]
[BlackElo "1499"]
[Result "1-0"]
[Round "1"]
1.d4 d5
2.Ng1f3 e6
3.Bc1f4 c5
4.e3 Nb8c6
5.Nb1d2 Qd8b6
6.Nd2b3 c4
7.Nb3d2 Qb6xb2
8.Bf1e2 Nc6b4
9.O-O Qb2xc2
10.a3 Qc2xd1
11.Rf1xd1 Nb4c2
12.Ra1a2 Nc2xa3
13.Rd1a1 Na3b5
14.Ra2a5 Nb5c3
15.Kf1  { time }
1-0

[Event "Tourn. n8241"]
[Site "www.chess-mail.com"]
[Date "2015.07.20"]
[Round "1"]
[White "Cathar"]
[Black "Gorgo"]
[WhiteElo "2300"]
[BlackElo "2490"]
[Result "0-1"]
[Round "1"]
1.d4 Ng8f6
2.c4 e6
3.Ng1f3 d5
4.Nb1c3 Bf8e7
5.Bc1f4 O-O
6.e3 Nb8d7
7.c5 Nf6h5
8.Bf1d3 Nh5xf4
9.exf4 b6
10.b4 c6
11.O-O a5
12.a3 Bc8a6
13.Bd3xa6 Ra8xa6
14.Nc3e2 Qd8c7
15.g3 Rf8a8
16.Ra1b1 axb4
17.axb4 Ra6a3
18.Ne2c1 Nd7f6
19.Nc1d3 Nf6e4
20.Rb1b3 Qc7b7
21.Qd1c2 Ra3xb3
22.Qc2xb3 bxc5
23.dxc5 Ne4xc5
{ resign }
0-1

[Event "Tourn. n8241"]
[Site "www.chess-mail.com"]
[Date "2015.07.20"]
[Round "1"]
[White "Tartan"]
[Black "Gorgo"]
[WhiteElo "2440"]
[BlackElo "2490"]
[Result "1-0"]
[Round "1"]
1.d4 d5
2.c4 c6
3.cxd5 cxd5
4.Ng1f3 Ng8f6
5.Nb1c3 Nb8c6
6.Bc1f4 Qd8b6
7.Nc3a4 Qb6a5
8.Bf4d2 Qa5c7
9.Ra1c1  { time }
1-0

[Event "Tourn. n8202"]
[Site "www.chess-mail.com"]
[Date "2015.07.20"]
[Round "1"]
[White "Lena"]
[Black "Mitja"]
[WhiteElo "1499"]
[BlackElo "1560"]
[Result "0-1"]
[Round "1"]
1.e4 d5
2.exd5 Qd8xd5
3.Nb1c3 Qd5d8
4.d4 c6
5.Bf1c4 e6
6.Ng1f3 h6
7.Qd1e2 Ng8f6
8.Bc1d2 Nb8d7
9.O-O Nd7b6
10.Bc4d3 Bf8d6
11.Nc3e4 Nf6xe4
12.Qe2xe4 Bd6c7
13.c4 Nb6d7
14.Bd2c3 Nd7f6
15.Qe4e2 O-O
16.Nf3e5 Qd8d6
17.Ra1d1 Nf6d7
18.f4 Nd7xe5
 { time }
0-1

[Event "Tourn. n8241"]
[Site "www.chess-mail.com"]
[Date "2015.07.20"]
[Round "1"]
[White "Gorgo"]
[Black "Korbacik"]
[WhiteElo "2490"]
[BlackElo "2340"]
[Result "0-1"]
[Round "1"]
1.c4 e5
2.Nb1c3 Ng8f6
3.Ng1f3 Nb8c6
4.g3 d5
5.cxd5 Nf6xd5
6.Bf1g2 Nd5b6
7.d3 Bf8e7
8.O-O O-O
9.Bc1e3 Bc8e6
10.d4 exd4
11.Nf3xd4 Nc6xd4
12.Be3xd4 c6
13.Qd1d3 Be7f6
14.Rf1d1 Bf6xd4
15.Qd3xd4 Qd8xd4
16.Rd1xd4 Ra8d8
17.Ra1d1 Rd8xd4
18.Rd1xd4 Rf8e8
19.e3 Kf8
20.Nc3e4 Be6xa2
21.Ne4c5 Ba2d5
 { time }
0-1

[Event "Tourn. n8174"]
[Site "www.chess-mail.com"]
[Date "2015.07.20"]
[Round "1"]
[White "Anja"]
[Black "Gambitchess"]
[WhiteElo "1640"]
[BlackElo "1760"]
[Result "1-0"]
[Round "1"]
1.d4 Ng8f6
2.Ng1f3 d5
3.Bc1f4 c6
4.e3 Bc8f5
5.c4 e6
6.Nb1d2 Bf8b4
7.a3 Bb4xd2
8.Qd1xd2 Nf6e4
9.Qd2c1 Nb8d7
10.c5 O-O
11.Bf1e2 h6
12.O-O Bf5g4
13.h3 Bg4xf3
14.Be2xf3 Nd7f6
15.Bf3xe4 Nf6xe4
16.f3 Ne4f6
17.b4 Rf8e8
{ time. }
1-0

[Event "Tourn. n8044"]
[Site "www.chess-mail.com"]
[Date "2015.07.20"]
[Round "1"]
[White "Colchester"]
[Black "Hundegana"]
[WhiteElo "1870"]
[BlackElo "1920"]
[Result "0-1"]
[Round "1"]
1.e4 c5
2.Nb1c3 e6
3.Ng1f3 a6
4.d4 Qd8c7
5.d5 b6
6.Bf1e2 d6
7.O-O Bf8e7
8.Bc1f4 e5
9.Bf4e3 f5
10.exf5 Bc8xf5
11.Be3g5 Be7xg5
12.Nf3xg5 h6
13.Ng5e4 Nb8d7
14.Be2g4 g6
15.Bg4xf5 gxf5
16.Ne4g3 f4
17.Qd1h5 Kf8
18.Ng3f5 Nd7f6
19.Qh5g6 Qc7h7
20.Qg6xh7 Rh8xh7
21.Nf5xd6 Ng8e7
22.Ra1e1 Ne7g6
23.Nc3e4 Nf6xd5
24.c3 Nd5e7
25.Ne4f6 Rh7h8
26.Nf6g4 Ra8d8
27.Nd6c4 b5
28.Nc4xe5 Ng6xe5
29.Re1xe5 h5
30.Ng4f6 Rh8h6
31.Nf6e4 c4
32.Ne4g5 Rd8d6
33.Ng5e4 Rd6e6
34.Re5xe6 Rh6xe6
35.f3 Ne7f5
36.Rf1d1 Ke7
37.Kf2 h4
38.Ne4c5 Re6h6
39.Rd1e1 Kd8
40.Nc5e6 Kd7
41.Ne6xf4 Kd6
42.Re1d1 Kc6
43.Rd1e1 Kd6
44.Re1d1 Kc6
45.Nf4d5 a5
46.Nd5e3 Nf5e7
47.Ne3g4 Rh6h7
48.Ng4f6 Rh7f7
49.Nf6d7 Rf7g7
50.Nd7e5 Kc5
51.g3 hxg3
52.hxg3 b4
53.f4 bxc3
54.bxc3 Ne7d5
55.Rd1c1 Rg7h7
56.Kg2 Nd5e3
57.Kf3 Ne3d5
58.f5 Rh7h2
59.g4 Rh2h3
60.Kg2 { time. }
0-1

[Event "Tourn. n8241"]
[Site "www.chess-mail.com"]
[Date "2015.07.20"]
[Round "1"]
[White "Korbacik"]
[Black "Tartan"]
[WhiteElo "2340"]
[BlackElo "2440"]
[Result "0-1"]
[Round "1"]
1.e4 e5
2.Ng1f3 Nb8c6
3.d4 exd4
4.Nf3xd4 Bf8c5
5.Bc1e3 Qd8f6
6.c3 Ng8e7
7.Bf1c4 Nc6e5
8.Bc4e2 Qf6g6
9.O-O d6
10.f4 Qg6xe4
11.Be3f2 Bc5xd4
 { time }
0-1

[Event "Tourn. n8241"]
[Site "www.chess-mail.com"]
[Date "2015.07.20"]
[Round "1"]
[White "Cathar"]
[Black "Tartan"]
[WhiteElo "2300"]
[BlackElo "2440"]
[Result "0-1"]
[Round "1"]
1.d4 Ng8f6
2.c4 e6
3.Ng1f3 d5
4.Nb1c3 c6
5.Bc1g5 Nb8d7
6.e3 Bf8e7
7.Ra1c1 O-O
8.Bf1d3 a6
9.O-O dxc4
10.Bd3xc4 b5
11.Bc4d3 Bc8b7
12.a4 Ra8c8
13.Qd1e2 h6
14.Bg5h4 Rf8e8
15.Rf1d1 Qd8a5
16.Nf3e5 Nd7xe5
17.dxe5 Nf6d5
18.Bh4xe7 Re8xe7
19.Nc3e4 Qa5xa4
20.Ne4c5 Qa4h4
21.Bd3b1 Qh4g5
22.f4 Qg5h4
23.Rd1f1 f5
24.g3 Qh4g4
25.Rf1f3 g5
26.Kh1 Rc8d8
27.Rc1d1 Kh8
28.b4 Rd8f8
29.Rd1d4 Nd5c3
{ resign }
0-1

[Event "Tourn. n8240"]
[Site "www.chess-mail.com"]
[Date "2015.07.20"]
[Round "1"]
[White "Easychess"]
[Black "Iko"]
[WhiteElo "1480"]
[BlackElo "1480"]
[Result "0-1"]
[Round "1"]
1.d4 d5
2.c4 Ng8f6
3.cxd5 Nf6xd5
4.Ng1f3 Nb8c6
5.e4 Nd5b4
6.a3 Nb4a6
7.d5 Nc6a5
8.Bf1xa6 bxa6
 { time }
0-1

[Event "Tourn. n8170"]
[Site "www.chess-mail.com"]
[Date "2015.07.20"]
[Round "1"]
[White "Jesmantiz"]
[Black "Cathar"]
[WhiteElo "2240"]
[BlackElo "2240"]
[Result "0-1"]
[Round "1"]
1.d4 e6
2.e4 d5
3.e5 c5
4.c3 Nb8c6
5.Bc1e3 Ng8e7
6.Nb1a3 Ne7f5
7.Na3c2 f6
8.exf6 Qd8xf6
9.Ng1f3 Nf5xe3
10.fxe3 Bf8d6
11.Bf1e2 O-O
12.O-O Qf6h6
13.h3 Bc8d7
14.Qd1e1 Rf8f6
15.Qe1h4 Rf6xf3
16.Qh4xh6 Rf3xf1
17.Ra1xf1 gxh6
18.Be2g4 Ra8f8
19.dxc5 Bd6xc5
20.b4 Bc5b6
21.b5 Rf8xf1
22.Kxf1 Nc6e5
23.Bg4e2 Ne5c4
24.Be2xc4 dxc4
25.a4 e5
26.e4 Bb6a5
27.Nc2a3 Bd7e6
28.Na3b1 h5
29.Ke2 h4
30.Ke3 Kf7
31.Kd2 Kg6
32.Ke2 Kg5
33.Kf3 Be6f7
34.g3 hxg3
35.Kxg3 Bf7g6
36.h4 Kh5
37.Nb1d2 Ba5xc3
38.Nd2xc4 Bg6xe4
39.Nc4d6 Bc3e1
40.Kh3 Be4f3
41.Nd6c4 e4
42.Nc4d6 e3
43.Nd6c4 e2
44.Nc4e5 Bf3e4
45.Ne5g4 Be4f5
46.Kh2 { time. }
0-1

[Event "Tourn. n8166"]
[Site "www.chess-mail.com"]
[Date "2015.07.20"]
[Round "1"]
[White "Anja"]
[Black "Louis"]
[WhiteElo "1670"]
[BlackElo "1700"]
[Result "0-1"]
[Round "1"]
1.d4 Ng8f6
2.Ng1f3 d5
3.Bc1f4 e6
4.e3 c5
5.c3 Nb8c6
6.Nb1d2 cxd4
7.cxd4 Bf8d6
8.Nf3e5 O-O
9.Nd2f3 Qd8a5
10.Nf3d2 Nf6e4
11.Bf1d3 Ne4xd2
12.Qd1xd2 Qa5xd2
13.Kxd2 Nc6xe5
14.dxe5 Bd6b4
15.Ke2 a6
16.Ra1c1 b5
17.a3 Bb4a5
18.b4 Ba5b6
19.Rc1c6 Bb6d8
20.Rh1c1 Bc8b7
21.Rc6c2 Bd8b6
22.f3 h6
23.Bf4g3 Ra8c8
24.a4 Rc8xc2
 { time }
0-1

[Event "Tourn. n8169"]
[Site "www.chess-mail.com"]
[Date "2015.07.20"]
[Round "1"]
[White "Jesmantiz"]
[Black "Tartan"]
[WhiteElo "2240"]
[BlackElo "2420"]
[Result "0-1"]
[Round "1"]
1.d4 Ng8f6
2.e3 d5
3.Bf1d3 e6
4.Nb1d2 Nb8d7
5.f4 c5
6.c3 Bf8d6
7.a3 O-O
8.Ng1f3 c4
9.Bd3c2 b5
10.O-O Bc8b7
11.Nf3e5 Qd8c7
12.Rf1f3 Ra8d8
13.Rf3h3 h6
14.g4 Nf6e4
15.Nd2f3 f6
16.Ne5g6 Rf8e8
17.Qd1e1 Kh7
18.Ng6h4 Nd7b6
19.g5 fxg5
20.fxg5 Qc7e7
21.Kh1 Re8f8
22.Qe1g1 h5
23.Bc2xe4 dxe4
24.g6 Kg8
25.Nf3g5 e5
26.Ng5f7 Bb7c8
27.Nh4f5 Bc8xf5
28.Rh3xh5 Rf8xf7
29.gxf7 Qe7xf7
30.Rh5g5 Bf5h3
31.Qg1e1 Qf7f3
32.Kg1 Rd8f8
33.Bc1d2 exd4
34.cxd4 Rf8f5
35.Rg5g6 Kf7
{ resign }
0-1

[Event "Tourn. n8256"]
[Site "www.chess-mail.com"]
[Date "2015.07.20"]
[Round "1"]
[White "Bojan"]
[Black "Odin"]
[WhiteElo "1890"]
[BlackElo "1890"]
[Result "1-0"]
[Round "1"]
1.e4 e5
2.Ng1f3 Ng8f6
3.Nf3xe5 d6
4.Ne5c4 Nb8d7
5.Nb1c3 b6
6.Qd1e2 Bc8b7
7.f3 Bf8e7
8.Nc4e3 h6
9.d4 O-O
10.Qe2f2 Nf6h7
11.Ne3f5 Nh7g5
12.Qf2g3 Rf8e8
13.h4 Ng5e6
14.d5 Be7xh4
15.Rh1xh4 Qd8f6
16.Nf5xh6 Kf8
17.Nh6f5 g6
18.dxe6 fxe6
19.Bc1g5 Qf6e5
20.f4 Qe5xe4
21.Nc3xe4 exf5
22.O-O-O Bb7xe4
23.Rh4h8 Kf7
24.Rh8xe8 Ra8xe8
{ time. }
1-0

[Event "Tourn. n8005"]
[Site "www.chess-mail.com"]
[Date "2015.07.20"]
[Round "1"]
[White "Samael"]
[Black "Blackpool"]
[WhiteElo "2090"]
[BlackElo "1870"]
[Result "0-1"]
[Round "1"]
1.d4 Ng8f6
2.Ng1f3 g6
3.Nb1c3 d5
4.e3 Bf8g7
5.Bf1e2 O-O
6.O-O Nb8d7
7.Bc1d2 c5
8.a3 b6
9.h3 Bc8b7
10.Rf1e1 a6
11.dxc5 Nd7xc5
12.Ra1b1 Nc5e4
13.Nc3xe4 Nf6xe4
14.c3 b5
15.Nf3h2 e5
16.f3 Ne4c5
17.b3 Nc5e6
18.c4 Qd8d7
19.cxd5 Bb7xd5
20.e4 Bd5b7
21.Bd2b4 Qd7xd1
22.Re1xd1 Ne6d4
23.Rd1xd4 exd4
24.Bb4xf8 Bg7xf8
25.a4 Bb7c6
26.axb5 Bc6xb5
27.Be2xb5 axb5
28.Rb1b2 Bf8b4
29.Kf2 Bb4c3
30.Rb2b1 Ra8a2
31.Kg3 h5
32.h4 Ra2b2
33.Rb1xb2 Bc3xb2
34.Kf2 Kf8
35.Ke2 Ke7
36.Kd3 Kd6
37.Nh2f1 Kc5
38.Nf1d2 Kb4
39.g4 Bb2c3
40.gxh5 gxh5
41.f4 Bc3xd2
42.Kxd2 Kxb3
43.f5 Kc4
44.e5 Kd5
45.e6 fxe6
46.f6 Kd6
{ resign }
0-1

[Event "Tourn. n8287"]
[Site "www.chess-mail.com"]
[Date "2015.07.20"]
[Round "1"]
[White "Asoka"]
[Black "Szustan"]
[WhiteElo "2640"]
[BlackElo "2620"]
[Result "1/2-1/2"]
[Round "1"]
1.e4 e5
2.Ng1f3 Nb8c6
3.Bf1c4 Ng8f6
4.d3 Bf8e7
5.O-O O-O
6.h3 d6
7.a4 a6
8.Nb1c3 Bc8e6
9.Rf1e1 h6
10.Nc3d5 Be6xd5
11.exd5 Nc6b4
12.d4 Nb4xd5
13.dxe5 { draw }
1/2-1/2

[Event "Tourn. n8203"]
[Site "www.chess-mail.com"]
[Date "2015.07.20"]
[Round "1"]
[White "Vasylpuzanov"]
[Black "Liencam2"]
[WhiteElo "2210"]
[BlackElo "2290"]
[Result "0-1"]
[Round "1"]
1.d4 Ng8f6
2.c4 g6
3.Nb1c3 Bf8g7
4.e4 d6
5.f4 O-O
6.Bf1d3 c5
7.d5 a6
8.Ng1f3 b5
9.O-O bxc4
10.Bd3xc4 Nb8d7
11.a4 Ra8b8
12.a5 Rf8e8
13.Qd1e2 Rb8b4
14.e5 Nf6g4
15.h3 Ng4h6
16.g4 { time. }
0-1

[Event "Tourn. n8214"]
[Site "www.chess-mail.com"]
[Date "2015.07.20"]
[Round "1"]
[White "Xkafi"]
[Black "Hundegana"]
[WhiteElo "1960"]
[BlackElo "1980"]
[Result "1-0"]
[Round "1"]
1.e4 c5
2.Bf1c4 e6
3.Nb1c3 a6
4.Qd1f3 Bf8e7
5.a3 Be7f6
6.Nc3a4 d6
7.Na4c3 Bf6xc3
8.dxc3 Bc8d7
9.Bc1f4 e5
10.Bf4xe5 f6
11.Be5xd6 Nb8c6
12.Qf3h5 g6
13.Qh5d5 Ng8h6
14.Bd6xc5 Nc6e5
15.Bc4b3 Bd7c8
16.Bc5d6 a5
17.Bb3a4 Ne5c6
18.Ra1d1 Qd8b6
19.Bd6c5 Qb6xb2
20.Ba4xc6 bxc6
21.Qd5d8 Kf7
22.Qd8e7 Kg8
23.Qe7f8 { resign }
1-0

[Event "Tourn. n8213"]
[Site "www.chess-mail.com"]
[Date "2015.07.20"]
[Round "1"]
[White "Neverless"]
[Black "Pgcbies"]
[WhiteElo "2660"]
[BlackElo "2670"]
[Result "1/2-1/2"]
[Round "1"]
1.e4 e5
2.Ng1f3 Nb8c6
3.Bf1b5 a6
4.Bb5a4 Ng8f6
5.O-O b5
6.Ba4b3 Bf8e7
7.Rf1e1 O-O
8.c3 d5
9.exd5 Nf6xd5
10.Nf3xe5 Nc6xe5
11.Re1xe5 c6
12.d4 Be7d6
13.Re5e1 Qd8h4
14.g3 Qh4h3
15.Bc1e3 Bc8g4
16.Qd1d3 Ra8e8
17.Nb1d2 Re8e6
18.a4 Qh3h5
19.axb5 axb5
20.Qd3f1 Bg4h3
21.Bb3d1 Bh3g4
22.c4 Nd5f6
23.c5 Bg4xd1
24.Ra1xd1 Bd6c7
25.Rd1a1 Nf6d5
26.Qf1e2 Qh5g6
27.Nd2f3 f5
28.Nf3e5 Bc7xe5
29.Be3d2 f4
30.dxe5 f3
31.Qe2e4 Qg6h5
32.Ra1a3 b4
33.Ra3b3 Nd5c3
34.Qe4c4 Qh5h3
35.Qc4f1 Nc3e2
36.Kh1 Qh3f5
37.Rb3xb4 Re6xe5
38.Bd2f4 Ne2xf4
39.Rb4xf4 Re5xe1
40.Qf1xe1 Qf5h3
41.Qe1g1 Rf8xf4
42.gxf4 Kf7
{ draw }
1/2-1/2

[Event "Tourn. n8149"]
[Site "www.chess-mail.com"]
[Date "2015.07.20"]
[Round "1"]
[White "Wildsmokey"]
[Black "Ffdd65"]
[WhiteElo "2030"]
[BlackElo "2160"]
[Result "0-1"]
[Round "1"]
1.e4 e5
2.Ng1f3 d6
3.d4 Nb8c6
4.dxe5 Nc6xe5
5.Nf3xe5 dxe5
6.Qd1xd8 Kxd8
7.Bc1e3 Bc8d7
8.Nb1d2 Bd7e6
9.O-O-O Bf8d6
10.Nd2c4 Be6xc4
11.Bf1xc4 Ke7
12.Bc4d5 Ng8f6
13.Bd5xb7 Ra8b8
14.Bb7c6 Rb8b4
15.c3 Rb4c4
16.Bc6b5 Rc4xe4
17.Be3xa7 Rh8a8
18.f3 Ra8xa7
19.fxe4 Nf6xe4
20.Rh1f1 Ra7xa2
21.Bb5c4 Ra2a1
22.Kc2 Ra1xd1
23.Rf1xf7 Ke8
24.Kxd1 Ne4f6
25.Rf7xg7 Kd8
 { time }
0-1

[Event "Tourn. n8188"]
[Site "www.chess-mail.com"]
[Date "2015.07.20"]
[Round "1"]
[White "Yangqi"]
[Black "Syd"]
[WhiteElo "2190"]
[BlackElo "2180"]
[Result "1-0"]
[Round "1"]
1.e4 c5
2.Nb1c3 Nb8c6
3.f4 d6
4.Bf1b5 Bc8d7
5.Ng1f3 g6
6.a4 Bf8g7
7.O-O Ng8f6
8.d3 O-O
9.h3 a6
10.Bb5xc6 Bd7xc6
11.Qd1e1 Ra8b8
12.Qe1h4 c4
13.f5 cxd3
14.cxd3 Nf6h5
15.g4 Bg7f6
16.Bc1g5 Nh5g7
17.Rf1f2 b5
18.axb5 Bc6xb5
19.Bg5xf6 exf6
20.Nc3d5 Ng7e8
21.g5 fxg5
22.Nf3xg5 h5
23.fxg6  { time }
1-0

[Event "Tourn. n8190"]
[Site "www.chess-mail.com"]
[Date "2015.07.20"]
[Round "1"]
[White "Krystek23"]
[Black "T9l9"]
[WhiteElo "2320"]
[BlackElo "2340"]
[Result "1/2-1/2"]
[Round "1"]
1.c4 Ng8f6
2.Nb1c3 e5
3.g3 d5
4.cxd5 Nf6xd5
5.Bf1g2 Nd5b6
6.a3 a5
7.Ng1f3 Nb8c6
8.d3 Bf8e7
9.Bc1e3 Bc8e6
10.O-O O-O
11.Ra1c1 f6
12.Nf3d2 Qd8d7
13.Nc3a4 Nb6d5
14.Be3c5 b6
15.Bc5xb6 cxb6
16.Na4xb6 Nd5xb6
17.Bg2xc6 Qd7d8
18.Bc6xa8 Qd8xa8
19.Rf1e1 Rf8d8
20.Rc1c7 Be7d6
21.Rc7c3 a4
22.Qd1c1 Nb6d5
23.Rc3c2 Qa8b7
24.Rc2c4 Nd5b6
25.Rc4c3 Nb6d5
26.Qc1c2 Nd5xc3
27.bxc3 Be6h3
28.Nd2f3 Qb7c6
29.c4 Rd8a8
30.Qc2a2 Kh8
31.Re1b1 Ra8b8
32.Rb1xb8 Bd6xb8
33.Nf3e1 Bb8c7
34.Qa2d2 h6
35.Qd2c3 Bc7b6
36.e3 Bh3e6
37.Ne1g2 e4
38.Ng2f4 exd3
39.Nf4xe6 Qc6xe6
40.Qc3xd3 Qe6c6
41.c5 Qc6xc5
42.Qd3e4 Qc5b5
43.Qe4b7 f5
44.h4 Kh7
45.h5 Qb5b1
46.Kh2 Qb1b3
47.Qb7c6 Bb6xe3
{ draw }
1/2-1/2

[Event "Tourn. n8207"]
[Site "www.chess-mail.com"]
[Date "2015.07.20"]
[Round "1"]
[White "Bjonil60"]
[Black "Kenji"]
[WhiteElo "1280"]
[BlackElo "1099"]
[Result "0-1"]
[Round "1"]
1.Nb1c3 d5
2.d4 Ng8f6
3.Ng1f3 Nb8c6
4.g3 Bc8f5
5.h3 e6
6.e3 Bf8b4
7.Bc1d2 O-O
8.Bf1g2 Nf6e4
9.Nc3xe4 Bf5xe4
10.c3 Bb4d6
11.O-O Be4d3
12.Rf1e1 Qd8f6
13.b3 Rf8e8
14.h4 h6
15.g4 Ra8d8
16.Qd1c1 e5
17.a3 e4
18.Nf3h2 Qf6xh4
19.f3 Qh4xh2
20.Kf2 Bd6g3

0-1

[Event "Tourn. n8256"]
[Site "www.chess-mail.com"]
[Date "2015.07.20"]
[Round "1"]
[White "Guidom"]
[Black "Bojan"]
[WhiteElo "2070"]
[BlackElo "1890"]
[Result "1-0"]
[Round "1"]
1.e4 e5
2.Ng1f3 d6
3.Bf1c4 h6
4.d4 exd4
5.Qd1xd4 Nb8c6
6.Qd4d1 Bf8e7
7.O-O Be7f6
8.Rf1e1 Nc6e5
9.Nf3xe5 Bf6xe5
10.c3 Qd8f6
11.g3 Qf6g6
12.f4 Be5f6
13.Bc1e3 Ng8e7
14.Nb1d2 h5
15.f5 Qg6h7
16.Nd2f3 g6
17.Nf3g5 Bf6xg5
18.Be3xg5 Qh7g7
19.f6 Qg7g8
20.fxe7 Bc8e6
21.Bc4b5 Be6d7
22.Qd1d5 Ra8b8
23.Bb5xd7 Kxd7
24.e5 b5
25.exd6 c6
26.Qd5e5 Rb8e8
27.Qe5c5 Re8a8
28.Ra1d1 Qg8g7
29.e8Q Rh8xe8
30.Re1e7 { resign }
1-0

[Event "Tourn. n8193"]
[Site "www.chess-mail.com"]
[Date "2015.07.20"]
[Round "1"]
[White "Vasylpuzanov"]
[Black "Gorgo"]
[WhiteElo "2210"]
[BlackElo "2440"]
[Result "1-0"]
[Round "1"]
1.d4 Ng8f6
2.c4 e6
3.Nb1c3 Bf8b4
4.Bc1g5 h6
5.Bg5xf6 Qd8xf6
6.Ng1f3 b6
7.e4 c5
8.e5 Qf6f4
9.a3 Bb4xc3
10.bxc3 Bc8b7
11.Bf1e2 Nb8c6
12.O-O cxd4
13.cxd4 O-O
14.Rf1e1 Nc6a5
15.Qd1c1 Qf4f5
16.Qc1c3 Ra8c8
17.Be2d3 Qf5g4
18.h3  { time }
1-0

[Event "Tourn. n8230"]
[Site "www.chess-mail.com"]
[Date "2015.07.20"]
[Round "1"]
[White "Anja"]
[Black "Oliverio"]
[WhiteElo "1730"]
[BlackElo "1760"]
[Result "1-0"]
[Round "1"]
1.d4 Ng8f6
2.Ng1f3 e6
3.Bc1f4 Bf8e7
4.c4 d5
5.Nb1d2 O-O
6.e3 b6
7.Bf1d3 Bc8b7
8.O-O Nb8d7
9.Nf3e5 Ra8c8
10.Ra1c1  { time }
1-0

[Event "Tourn. n8206"]
[Site "www.chess-mail.com"]
[Date "2015.07.20"]
[Round "1"]
[White "Chessexpert"]
[Black "Swampcat"]
[WhiteElo "1580"]
[BlackElo "1480"]
[Result "1-0"]
[Round "1"]
1.d4 d5
2.c4 e6
3.cxd5 exd5
4.Nb1c3 Ng8f6
5.Bc1g5 Bf8e7
6.e3 Bc8g4
7.Qd1b3 O-O
8.h3 Bg4h5
9.Bg5xf6 Be7xf6
10.Qb3xd5 Qd8xd5
11.Nc3xd5 Bf6d8
12.Bf1e2 Bh5xe2
13.Ng1xe2 c6
14.Nd5f4 Bd8e7
15.O-O  { time }
1-0

[Event "Tourn. n8216"]
[Site "www.chess-mail.com"]
[Date "2015.07.20"]
[Round "1"]
[White "Groz"]
[Black "Sontuozio"]
[WhiteElo "2000"]
[BlackElo "2090"]
[Result "0-1"]
[Round "1"]
1.f4 d5
2.g3 Ng8f6
3.Bf1g2 g6
4.d3 Bf8g7
5.Ng1f3 c6
6.O-O Nf6g4
7.Qd1e1 Qd8b6
8.d4 Bg7xd4
9.Nf3xd4 Qb6xd4
10.e3 Qd4b6
11.h3 Ng4h6
12.Kh2 Bc8f5
13.g4 Bf5xc2
14.Qe1c3 d4
15.Qc3xc2 Nb8d7
16.exd4 Qb6xd4
17.Rf1d1 { time. }
0-1

[Event "Tourn. n8216"]
[Site "www.chess-mail.com"]
[Date "2015.07.20"]
[Round "1"]
[White "Dany2005"]
[Black "Sontuozio"]
[WhiteElo "2010"]
[BlackElo "2090"]
[Result "0-1"]
[Round "1"]
1.d4 d5
2.c4 c6
3.cxd5 cxd5
4.Nb1c3 Ng8f6
5.Ng1f3 e6
6.Bc1g5 Nb8d7
7.e3 Bf8e7
8.Bf1d3 a6
9.O-O O-O
10.a3 b5
11.Ra1c1 Bc8b7
12.Nf3e5 Nd7xe5
13.dxe5 Nf6d7
14.Bg5xe7 Qd8xe7
{ resign }
0-1

[Event "Tourn. n8216"]
[Site "www.chess-mail.com"]
[Date "2015.07.20"]
[Round "1"]
[White "Sontuozio"]
[Black "Ulysse21"]
[WhiteElo "2090"]
[BlackElo "2179"]
[Result "0-1"]
[Round "1"]
1.d4 Ng8f6
2.Ng1f3 d5
3.e3 e6
4.Bf1d3 Bf8e7
5.Nb1d2 O-O
6.c3 c5
7.O-O Nb8c6
8.a3 c4
9.Bd3c2 b5
10.e4 a5
11.e5 Nf6d7
12.Rf1e1 Ra8b8
13.Nd2f1 b4
14.Nf1g3 Kh8
15.Ng3h5 Rf8g8
16.h3 Nd7f8
17.Nf3h2 g6
18.Nh5g3 f5
19.Qd1d2 b3
20.Bc2b1 g5
21.Qd2e2 Qd8e8
22.Ng3h5 Qe8f7
23.g4 Bc8d7
24.Kh1 Bd7e8
25.Nh5g3 f4
26.Ng3h5 Be7d8
27.Bc1d2 Qf7b7
28.Re1g1 Be8g6
29.Bb1xg6 hxg6
 { time }
0-1

[Event "Tourn. n8241"]
[Site "www.chess-mail.com"]
[Date "2015.07.20"]
[Round "1"]
[White "Tartan"]
[Black "Stepanpech"]
[WhiteElo "2440"]
[BlackElo "2460"]
[Result "1-0"]
[Round "1"]
1.d4 d5
2.c4 e6
3.cxd5 exd5
4.Ng1f3 Ng8f6
5.Nb1c3 c6
6.Bc1g5 Bf8e7
7.Qd1c2 g6
8.e3 Bc8f5
9.Bf1d3 Bf5xd3
10.Qc2xd3 O-O
11.O-O Nb8d7
{ time. }
1-0

[Event "Tourn. n8205"]
[Site "www.chess-mail.com"]
[Date "2015.07.20"]
[Round "1"]
[White "Szustan"]
[Black "Krystek23"]
[WhiteElo "2590"]
[BlackElo "2370"]
[Result "1-0"]
[Round "1"]
1.e4 c5
2.c3 e6
3.d4 cxd4
4.cxd4 a6
5.Ng1f3 d6
6.Bf1e2 h6
7.d5 Ng8f6
8.O-O exd5
9.exd5 Bf8e7
10.Nb1c3 O-O
11.Nf3d4 Rf8e8
12.Bc1e3 Nb8d7
13.Ra1c1 Nd7c5
14.Be2f3 Be7f8
15.h3 Re8xe3
16.fxe3 Qd8b6
17.Qd1c2 Bc8d7
18.a3 a5
19.Bf3e2 Ra8e8
20.Rf1f3 Re8e5
21.Rc1f1 Bf8e7
22.Be2b5 Bd7xb5
23.Nd4xb5 Nc5e4
24.Nc3xe4 Nf6xe4
25.Qc2c8 Be7f8
26.Rf3xf7 Kh7
27.Rf7xf8 Qb6xe3
28.Kh2 Qe3g3
29.Kh1 Qg3d3
30.Rf1f4 Qd3xd5
31.Nb5d4 Qd5xd4
32.Rf8h8 Kg6
33.Rf4g4 { resign }
1-0

[Event "Tourn. n8206"]
[Site "www.chess-mail.com"]
[Date "2015.07.20"]
[Round "1"]
[White "Anja"]
[Black "Swampcat"]
[WhiteElo "1700"]
[BlackElo "1480"]
[Result "1-0"]
[Round "1"]
1.d4 d5
2.Ng1f3 Nb8c6
3.Bc1f4 Ng8f6
4.e3 a6
5.c4 e6
6.Nb1d2 Bf8b4
7.Bf1d3 O-O
8.O-O Bb4xd2
9.Qd1xd2 Rf8e8
10.c5 Nf6d7
11.Rf1e1 b6
12.cxb6 cxb6
13.Ra1c1 a5
14.Rc1xc6 Bc8b7
15.Rc6c7  { time }
1-0

[Event "Tourn. n8224"]
[Site "www.chess-mail.com"]
[Date "2015.07.20"]
[Round "1"]
[White "Hali"]
[Black "Umzi"]
[WhiteElo "2090"]
[BlackElo "2110"]
[Result "0-1"]
[Round "1"]
1.e4 d5
2.exd5 Qd8xd5
3.Nb1c3 Qd5a5
4.d4 c6
5.Bc1d2 Qa5c7
6.Bf1c4 e6
7.Qd1e2 Bf8e7
8.O-O-O b5
9.Bc4b3 a5
10.a4 b4
11.Nc3e4 Ng8f6
12.Ne4c5 O-O
13.f4 Be7xc5
14.dxc5 Nb8d7
15.Bd2e3 Nf6d5
16.Be3f2 Qc7xf4
17.Kb1 Bc8a6
18.Qe2f3 Qf4c7
19.Ng1e2 Nd7e5
20.Qf3e4 f5
21.Qe4d4 Ne5f7
22.Bb3c4 Ba6xc4
23.Qd4xc4 Nf7e5
24.Qc4d4 Ne5f7
25.g3 Ra8d8
26.Qd4h4 Nf7h6
27.Rh1e1 Nh6g4
28.Bf2g1 Ng4e3
29.Bg1xe3 Nd5xe3
30.Rd1xd8 Qc7xd8
31.Qh4xd8 Rf8xd8
32.Ne2f4 e5
33.Re1xe3 exf4
34.gxf4 Rd8d5
35.Re3e7 Rd5xc5
36.Re7a7 h6
37.Kc1 g5
38.fxg5 hxg5
39.Kd2 f4
40.c3 f3
41.h3 Rc5e5
{ resign }
0-1

[Event "Tourn. n8212"]
[Site "www.chess-mail.com"]
[Date "2015.07.20"]
[Round "1"]
[White "Vogue"]
[Black "Redabond"]
[WhiteElo "1399"]
[BlackElo "1499"]
[Result "1-0"]
[Round "1"]
1.c4 e5
2.g3 Bf8c5
3.Bf1g2 Ng8f6
4.Nb1c3 O-O
5.d3 Nf6g4
6.e3 Nb8c6
7.Qd1xg4 d5
8.Qg4e2 d4
9.Nc3d5 Bc8e6
10.e4 Be6xd5
11.cxd5 Nc6e7
12.Ng1f3 f6
13.Bg2h3 c6
14.dxc6 Ne7xc6
15.O-O Qd8b6
16.Ra1b1 Qb6b5
17.Bh3e6 Kh8
18.Be6c4 Qb5a4
19.b3 Qa4a5
20.Nf3h4 Qa5c3
21.Bc1b2 Qc3a5
22.Nh4g6 hxg6
23.Qe2g4 g5
24.Qg4h5 { resign }
1-0

[Event "Tourn. n8164"]
[Site "www.chess-mail.com"]
[Date "2015.07.20"]
[Round "1"]
[White "Falcoale"]
[Black "Generalfree"]
[WhiteElo "1890"]
[BlackElo "1800"]
[Result "1-0"]
[Round "1"]
1.e4 e5
2.Ng1f3 Nb8c6
3.Bf1c4 Ng8f6
4.d4 exd4
5.Nf3xd4 Nf6xe4
6.O-O Nc6xd4
7.Qd1xd4 Ne4f6
8.Bc1g5 Bf8e7
9.Rf1e1 O-O
10.Nb1c3 h6
11.Ra1d1 hxg5
12.Nc3d5 Nf6xd5
13.Qd4xd5 c6
14.Qd5e4 Rf8e8
15.Qe4f3 d5
16.Bc4b3 Bc8e6
17.c4 d4
18.Qf3d3 c5
19.Bb3c2 g6
20.Re1xe6 fxe6
21.Qd3xg6 Kf8
22.Qg6h6 Kg8
23.Rd1d3 Be7f6
24.Rd3h3 Re8e7
25.Qh6xf6 Re7g7
26.Qf6xe6 Rg7f7
27.Bc2g6 Qd8d7
28.Bg6xf7 Qd7xf7
29.Qe6g4 Qf7xc4
30.Qg4xg5 Kf7
31.Rh3h7 Ke6
32.Rh7h6 Kd7
33.Qg5g7 { resign }
1-0